| 000 | 00000nam##2200000za#4500 |
| 001 | 9.643519 |
| 003 | CaOODSP |
| 005 | 20210624224215 |
| 007 | cr ||||||||||| |
| 008 | 150407|2001||||xxc|||||o f|0| 0 fre|d |
| 040 | |aCaOODSP|bfre |
| 043 | |an-cn--- |
| 086 | 1 |aR74-5/2001F-PDF |
| 110 | 1 |aCanada.|bAffaires indiennes et du Nord. |bDivision des ressources hydriques. |
| 245 | 10|aSommaire des données hydrométéorologiques et des données sur la qualité de l'eau recueillies dans le bassin hydrographique de la rivière Coppermine et dans le centre de l'Arctique / |h[ressource électronique]|c[par] Denise Bicknell and Bob Reid. |
| 260 | |aYellowknife - Territoires du Nord-Ouest : |bAffaires indiennes et du Nord. |c25 mai 2001. |
| 590 | |a15-02-Supp|b2015-02-16 |
| 691 | 07|aQualité de l'eau|2gcpds |
| 775 | 08|tSummary of hydrometeorological and water quality data collection in the Coppermine River Drainage Basin and the Central Arctic Region / |w(CaOODSP)9.699487 |
| 856 | 40|ahttp://publications.gc.ca|qPDF|s1003 Ko|uhttps://publications.gc.ca/collections/collection_2014/aadnc-aandc/R74-5-2001-fra.pdf |